Państwa Azji - ciemna wersja - Statystyki

Ogólne statystyki
  • Ten quiz został rozwiązany 85 razy
  • Średni wynik to 42 z 48
Odpowiedzi na mapie
Odpowiedzi zakodowano w zielono-czerwonej skali na mapie do tego quizu, zgodnie z poniższymi procentami.
 
Statystyki odpowiedzi
Kraj % Poprawnych
Chiny
95%
Iran
94%
Arabia Saudyjska
92%
Irak
92%
Oman
92%
Turcja
92%
Indie
91%
Izrael
91%
Kazachstan
91%
Korea Północna
91%
Korea Południowa
91%
Mongolia
91%
Tajwan
91%
Afganistan
90%
Armenia
90%
Azerbejdżan
90%
Gruzja
90%
Indonezja
90%
Japonia
90%
Jemen
90%
Pakistan
90%
Tajlandia
90%
Uzbekistan
90%
Filipiny
88%
Nepal
88%
Tadżykistan
88%
Turkmenistan
88%
Wietnam
88%
Cypr
87%
Jordania
87%
Kirgistan
87%
Syria
87%
Kambodża
86%
Katar
86%
Laos
86%
Malezja
86%
Zjednoczone Emiraty Arabskie
86%
Bangladesz
84%
Bhutan
84%
Sri Lanka
84%
Bahrajn
82%
Kuwejt
82%
Liban
82%
Mjanma
78%
Singapur
78%
Timor Wschodni
77%
Brunei
74%
Malediwy
74%
Nie znaleziono quizów pasujących do podanych kryteriów
Rozkład punktacji
Procent ludzi z każdym wynikiem
Percentyl według liczby udzielonych odpowiedzi
Twoja historia wyników
Nie rozwiązałeś tego quizu